| 000 | 00585nam a2200193Ia 4500 | ||
|---|---|---|---|
| 008 | 191130s2006##################000#0#eng## | ||
| 020 | _a9780444508751 | ||
| 040 |
_aACL _cACL |
||
| 082 | _a332.10681 ZEN.1 | ||
| 245 |
_aHandbook of asset and liability management theory and methodology _cedited by S. A. Zenios and W. T. Ziemba |
||
| 260 |
_aAmsterdam _bElsevier _cc2006 |
||
| 300 | _a1 vol. (xix-487 p.) ; 25 cm | ||
| 650 | _aEconomics | ||
| 700 | _aZenios, S. A | ||
| 700 | _aZiemba, W T | ||
| 990 | _a347ae77fac10000c363def339f7e8ab9 | ||
| 991 | _a153500 | ||
| 999 |
_c199935 _d199935 |
||